<?xml version="1.0" encoding="UTF-8"?>
<record
    xmlns:xsi="http://www.w3.org/2001/XMLSchema-instance"
    xsi:schemaLocation="http://www.loc.gov/MARC21/slim http://www.loc.gov/standards/marcxml/schema/MARC21slim.xsd"
    xmlns="http://www.loc.gov/MARC21/slim">

  <leader>02267nam a2200493 a 4500</leader>
  <controlfield tag="005">20240516094939.0</controlfield>
  <controlfield tag="008">100804s2012||||sp a   f |||| 001 0 spa d</controlfield>
  <datafield tag="020" ind1=" " ind2=" ">
    <subfield code="a">9788480866477</subfield>
  </datafield>
  <datafield tag="041" ind1=" " ind2=" ">
    <subfield code="a">spa</subfield>
  </datafield>
  <datafield tag="092" ind1=" " ind2=" ">
    <subfield code="c">574.8</subfield>
    <subfield code="l">33</subfield>
    <subfield code="s">HER</subfield>
  </datafield>
  <datafield tag="100" ind1="1" ind2=" ">
    <subfield code="a">Herr&#xE1;ez, &#xC1;ngel</subfield>
    <subfield code="9">1844</subfield>
  </datafield>
  <datafield tag="245" ind1=" " ind2=" ">
    <subfield code="a">Texto ilustrado e interactivo de Biolog&#xED;a Molecular e Ingenier&#xED;a Gen&#xE9;tica.</subfield>
    <subfield code="b">Conceptos, t&#xE9;cnicas y aplicaciones en Ciencias de la Salud / </subfield>
    <subfield code="c">&#xC1;ngel Herr&#xE1;ez</subfield>
  </datafield>
  <datafield tag="250" ind1=" " ind2=" ">
    <subfield code="a">2a ed.</subfield>
  </datafield>
  <datafield tag="260" ind1=" " ind2=" ">
    <subfield code="a">Barcelona: </subfield>
    <subfield code="b">Elsevier;</subfield>
    <subfield code="c">2012.</subfield>
  </datafield>
  <datafield tag="300" ind1=" " ind2=" ">
    <subfield code="a">512 p.</subfield>
    <subfield code="b">il.</subfield>
  </datafield>
  <datafield tag="500" ind1=" " ind2=" ">
    <subfield code="a">Herr&#xE1;ez, A. (2012). Texto ilustrado e interactivo de biolog&#xED;a molecular e ingenier&#xED;a gen&#xE9;tica. Conceptos, t&#xE9;cnicas y aplicaciones en ciencias de la salud. (2a ed.). Barcelona : Elsevier.</subfield>
  </datafield>
  <datafield tag="653" ind1=" " ind2=" ">
    <subfield code="a">Introducci&#xF3;n y aspectos generales</subfield>
  </datafield>
  <datafield tag="653" ind1=" " ind2=" ">
    <subfield code="a">Componentes de los &#xE1;cidos nucleicos</subfield>
  </datafield>
  <datafield tag="653" ind1=" " ind2=" ">
    <subfield code="a">Estructura primaria de &#xE1;cidos nucleicos</subfield>
  </datafield>
  <datafield tag="653" ind1=" " ind2=" ">
    <subfield code="a">Estructura secundaria del B-DNA</subfield>
  </datafield>
  <datafield tag="653" ind1=" " ind2=" ">
    <subfield code="a">Variaciones en la estructura del DNA</subfield>
  </datafield>
  <datafield tag="653" ind1=" " ind2=" ">
    <subfield code="a">Estructura y funci&#xF3;n de los RNA</subfield>
  </datafield>
  <datafield tag="653" ind1=" " ind2=" ">
    <subfield code="a">Condensaci&#xF3;n del DNA y cromosomas</subfield>
  </datafield>
  <datafield tag="653" ind1=" " ind2=" ">
    <subfield code="a">Genoma en el ciclo celular</subfield>
  </datafield>
  <datafield tag="653" ind1=" " ind2=" ">
    <subfield code="a">Organizaci&#xF3;n del genoma eucari&#xF3;tico</subfield>
  </datafield>
  <datafield tag="653" ind1=" " ind2=" ">
    <subfield code="a">Preparaci&#xF3;n de muestras, extracci&#xF3;n y an&#xE1;lisis de &#xE1;cidos nucleicos</subfield>
  </datafield>
  <datafield tag="653" ind1=" " ind2=" ">
    <subfield code="a">Replicaci&#xF3;n del DNA</subfield>
  </datafield>
  <datafield tag="653" ind1=" " ind2=" ">
    <subfield code="a">Hibridaci&#xF3;n de los &#xE1;cidos nucleicos</subfield>
  </datafield>
  <datafield tag="653" ind1=" " ind2=" ">
    <subfield code="a">Clonaci&#xF3;n y c&#xE9;lulas madre</subfield>
  </datafield>
  <datafield tag="653" ind1=" " ind2=" ">
    <subfield code="a">Clonaci&#xF3;n acelular: reacci&#xF3;n en cadena de la polimerasa (PCR)</subfield>
  </datafield>
  <datafield tag="653" ind1=" " ind2=" ">
    <subfield code="a">Clonaci&#xF3;n celular: tecnolog&#xED;a del DNA recombinante</subfield>
  </datafield>
  <datafield tag="653" ind1=" " ind2=" ">
    <subfield code="a">Gen&#xF3;mica, cartograf&#xED;a del genoma y secuenciaci&#xF3;n</subfield>
  </datafield>
  <datafield tag="653" ind1=" " ind2=" ">
    <subfield code="a">Transcripci&#xF3;n</subfield>
  </datafield>
  <datafield tag="653" ind1=" " ind2=" ">
    <subfield code="a">Control de la expresi&#xF3;n g&#xE9;nica: pretranscripcional y transcripcional</subfield>
  </datafield>
  <datafield tag="653" ind1=" " ind2=" ">
    <subfield code="a">Maduraci&#xF3;n del RNA o procesamiento postranscripcional</subfield>
  </datafield>
  <datafield tag="653" ind1=" " ind2=" ">
    <subfield code="a">C&#xF3;digo gen&#xE9;tico</subfield>
  </datafield>
  <datafield tag="653" ind1=" " ind2=" ">
    <subfield code="a">S&#xED;ntesis de prote&#xED;nas: traducci&#xF3;n</subfield>
  </datafield>
  <datafield tag="653" ind1=" " ind2=" ">
    <subfield code="a">Modificaciones postraduccionales: distribuci&#xF3;n, maduraci&#xF3;n, plegamiento y degradaci&#xF3;n de prote&#xED;nas</subfield>
  </datafield>
  <datafield tag="653" ind1=" " ind2=" ">
    <subfield code="a">Bases moleculares de la mutaci&#xF3;n y la reparaci&#xF3;n del DNA</subfield>
  </datafield>
  <datafield tag="653" ind1=" " ind2=" ">
    <subfield code="a">Diversidad del genoma: polimorfismos</subfield>
  </datafield>
  <datafield tag="653" ind1=" " ind2=" ">
    <subfield code="a">Enfermedades moleculares</subfield>
  </datafield>
  <datafield tag="653" ind1=" " ind2=" ">
    <subfield code="a">Bases molecualres del c&#xE1;ncer</subfield>
  </datafield>
  <datafield tag="942" ind1=" " ind2=" ">
    <subfield code="2">ddc</subfield>
    <subfield code="c">BK</subfield>
  </datafield>
  <datafield tag="999" ind1=" " ind2=" ">
    <subfield code="c">1128</subfield>
    <subfield code="d">1128</subfield>
  </datafield>
  <datafield tag="952" ind1=" " ind2=" ">
    <subfield code="0">0</subfield>
    <subfield code="1">0</subfield>
    <subfield code="2">ddc</subfield>
    <subfield code="4">0</subfield>
    <subfield code="7">0</subfield>
    <subfield code="a">BFM</subfield>
    <subfield code="b">BFM</subfield>
    <subfield code="c">CR</subfield>
    <subfield code="d">2012-11-19</subfield>
    <subfield code="l">79</subfield>
    <subfield code="o">574.8 33 HER</subfield>
    <subfield code="p">2712</subfield>
    <subfield code="r">2024-10-14</subfield>
    <subfield code="s">2024-10-04</subfield>
    <subfield code="t">ej.2</subfield>
    <subfield code="w">2012-11-19</subfield>
    <subfield code="y">BK</subfield>
    <subfield code="z">COMPRA PROMED, NOVIEMBRE 2012</subfield>
  </datafield>
  <datafield tag="952" ind1=" " ind2=" ">
    <subfield code="0">0</subfield>
    <subfield code="1">0</subfield>
    <subfield code="2">ddc</subfield>
    <subfield code="4">0</subfield>
    <subfield code="7">0</subfield>
    <subfield code="a">BFM</subfield>
    <subfield code="b">BFM</subfield>
    <subfield code="c">CR</subfield>
    <subfield code="d">2012-11-19</subfield>
    <subfield code="l">81</subfield>
    <subfield code="o">574.8 33 HER</subfield>
    <subfield code="p">2713</subfield>
    <subfield code="r">2024-10-14</subfield>
    <subfield code="s">2024-10-04</subfield>
    <subfield code="t">ej.3</subfield>
    <subfield code="w">2012-11-19</subfield>
    <subfield code="y">BK</subfield>
    <subfield code="z">COMPRA PROMED, NOVIEMBRE 2012</subfield>
  </datafield>
</record>
